[Event "2 IECC, Ohrid"]
[Site "Ohrid MKD"]
[Date "2001.06.14"]
[Round "13.64"]
[White "Grabarczyk, Miroslaw"]
[Black "Narciso Dublan, Marc"]
[Result "1/2-1/2"]
[WhiteElo "2506"]
[BlackElo "2544"]
[EventDate "2001.06.01"]
[PlyCount "33"]

1.d4 e6 2.c4 b6 3.a3 Nf6 4.Nc3 d5 5.Nf3 Be7 6.Bg5 O-O 7.e3 h6 8.Bh4 Bb7 9.
Rc1 Nbd7 10.cxd5 exd5 11.Be2 c5 12.O-O Ne4 13.Bxe7 Qxe7 14.dxc5 Nxc3 15.
Rxc3 bxc5 16.b4 c4 17.Nd4 1/2-1/2

[Event "2 IECC, Ohrid"]
[Site "Ohrid MKD"]
[Date "2001.06.14"]
[Round "13.66"]
[White "Slobodjan, Roman"]
[Black "Duric, Stefan"]
[Result "1/2-1/2"]
[WhiteElo "2529"]
[BlackElo "2483"]
[EventDate "2001.06.01"]
[PlyCount "21"]

1.e4 e5 2.Nf3 Nc6 3.Bc4 Bc5 4.c3 Nf6 5.d3 d6 6.Bb3 h6 7.h3 O-O 8.O-O a6 9.
Re1 Ba7 10.Nbd2 Be6 11.Nf1 1/2-1/2

[Event "2 IECC, Ohrid"]
[Site "Ohrid MKD"]
[Date "2001.06.14"]
[Round "13.75"]
[White "Stanojoski, Zvonko"]
[Black "Mitkov, Nikola"]
[Result "1/2-1/2"]
[WhiteElo "2435"]
[BlackElo "2578"]
[EventDate "2001.06.01"]
[PlyCount "105"]

1.e4 e5 2.Nf3 Nc6 3.Bb5 Nf6 4.O-O Nxe4 5.d4 Nd6 6.Bxc6 dxc6 7.dxe5 Nf5 8.
Qxd8+ Kxd8 9.Rd1+ Ke8 10.Nc3 Ne7 11.Nd4 Ng6 12.f4 Bg4 13.Rd3 Bc5 14.Be3 
Rd8 15.g3 Bb6 16.Re1 Ne7 17.Bf2 h5 18.Ne4 Nd5 19.a3 Bxd4 20.Rxd4 Be6 21.
Nc5 Bc8 22.e6 fxe6 23.Nxe6 Bxe6 24.Rxe6+ Kf7 25.Rde4 Rd6 26.R6e5 Rd7 27.
Re2 Nf6 28.Bc5 b6 29.Bb4 c5 30.Bc3 Re8 31.Rxe8 Nxe8 32.h3 Rd1+ 33.Kg2 Nd6 
34.Rd2 Rb1 35.f5 Nxf5 36.Rd7+ Ke6 37.Rxc7 g5 38.g4 hxg4 39.hxg4 Ne3+ 40.
Kf3 Nd5 41.Rc6+ Kd7 42.Rg6 Nxc3 43.bxc3 Ra1 44.Ke4 Rxa3 45.c4 Rc3 46.Kd5 
Rxc2 47.Rg7+ Kd8 48.Rxg5 Rd2+ 49.Kc6 Rd4 50.Kb5 a6+ 51.Kxa6 Rxc4 52.Kxb6 
Ke7 53.Kb5 1/2-1/2

[Event "2 IECC, Ohrid"]
[Site "Ohrid MKD"]
[Date "2001.06.14"]
[Round "13.78"]
[White "Azarov, Sergei"]
[Black "Mikhalevski, Victor"]
[Result "1-0"]
[WhiteElo "2452"]
[BlackElo "2525"]
[EventDate "2001.06.01"]
[PlyCount "65"]

1.e4 e5 2.Nf3 Nc6 3.Bb5 a6 4.Ba4 Nf6 5.d3 d6 6.c3 g6 7.Nbd2 Bg7 8.Nf1 b5 
9.Bc2 Bb7 10.Ng3 Nb8 11.Be3 Nbd7 12.h3 c5 13.Qd2 d5 14.O-O h6 15.Qc1 Kf8 
16.Nxe5 Nxe5 17.f4 Ned7 18.e5 d4 19.cxd4 cxd4 20.Bxd4 Rc8 21.Qd2 Kg8 22.
exf6 Nxf6 23.Be5 Nd5 24.Bb3 Kh7 25.Bxg7 Kxg7 26.f5 Nf6 27.fxg6 fxg6 28.Qf2
Rf8 29.Rae1 Rc7 30.Ne2 Bc8 31.Nf4 Nh5 32.Nxh5+ gxh5 33.Qg3+ 1-0

[Event "2 IECC, Ohrid"]
[Site "Ohrid MKD"]
[Date "2001.06.14"]
[Round "13.79"]
[White "Rabiega, Robert"]
[Black "Likavsky, Tomas"]
[Result "1/2-1/2"]
[WhiteElo "2517"]
[BlackElo "2425"]
[EventDate "2001.06.01"]
[PlyCount "22"]

1.e4 c5 2.c3 d5 3.exd5 Qxd5 4.d4 Nf6 5.Nf3 Bg4 6.Be2 e6 7.h3 Bh5 8.O-O Nc6
9.Be3 cxd4 10.Nxd4 Bxe2 11.Qxe2 Nxd4 1/2-1/2

[Event "2 IECC, Ohrid"]
[Site "Ohrid MKD"]
[Date "2001.06.14"]
[Round "13.83"]
[White "Cao, Sang"]
[Black "Organdziev, Oliver"]
[Result "1/2-1/2"]
[WhiteElo "2488"]
[BlackElo "2322"]
[EventDate "2001.06.01"]
[PlyCount "98"]

1.e4 e5 2.Nf3 Nc6 3.Bb5 Nf6 4.d3 Bc5 5.c3 d6 6.Nbd2 O-O 7.O-O Bd7 8.b4 Bb6
9.Nc4 Ne7 10.Bxd7 Nxd7 11.a4 a6 12.Qb3 h6 13.d4 exd4 14.Nxb6 Nxb6 15.Nxd4 
d5 16.Rd1 c6 17.Nc2 Qc7 18.exd5 cxd5 19.Be3 Nc4 20.Bc5 Rfd8 21.a5 Nf5 22.
Nd4 Nh4 23.Qc2 Qf4 24.Rd3 Re8 25.Rf1 Qe4 26.Rg3 Qxc2 27.Nxc2 Re2 28.Ne3 
Nd2 29.Rd1 Ne4 30.Nxd5 Nxg3 31.hxg3 Ng6 32.Nf4 Nxf4 33.gxf4 Rc2 34.Rd7 
Rxc3 35.Rxb7 Rc4 36.g3 g5 37.fxg5 hxg5 38.Be3 g4 39.Kf1 Rc2 40.Ke1 Kg7 41.
Rb6 Rc4 42.Ke2 Rd8 43.Bh6+ Kh7 44.Bg5 Rd5 45.Bf4 Re4+ 46.Be3 Rc4 47.Bf4 
Re4+ 48.Be3 Rc4 49.Bc5 Re4+ 1/2-1/2

[Event "2 IECC, Ohrid"]
[Site "Ohrid MKD"]
[Date "2001.06.14"]
[Round "13.85"]
[White "Torfinnsson, Bragi"]
[Black "Abbasov, Farid"]
[Result "1-0"]
[WhiteElo "2292"]
[BlackElo "2439"]
[EventDate "2001.06.01"]
[PlyCount "95"]

1.d4 Nf6 2.c4 g6 3.Nc3 Bg7 4.e4 d6 5.f4 O-O 6.Nf3 Na6 7.Be2 e5 8.dxe5 dxe5
9.Nxe5 Nc5 10.Qxd8 Rxd8 11.Bf3 Re8 12.O-O g5 13.fxg5 Nfxe4 14.Nxe4 Nxe4 
15.Bxe4 Bxe5 16.Bd5 Be6 17.Bf4 Bxb2 18.Rab1 Bd4+ 19.Kh1 Bxd5 20.cxd5 Bb6 
21.d6 cxd6 22.Bxd6 Rad8 23.Rfd1 Kg7 24.h4 f6 25.Bf4 fxg5 26.Bxg5 Rxd1+ 27.
Rxd1 Rf8 28.Kh2 Rf7 29.Kh3 h6 30.Bc1 Bc7 31.Kg4 Kh7 32.Rd5 Re7 33.Kh5 Bg3 
34.Bxh6 Bxh4 35.g4 Bg3 36.g5 Bc7 37.Bf8 Re2 38.Rd7+ Kg8 39.Be7 Bb6 40.Kg6 
Rc2 41.Rxb7 Rc8 42.Bf6 Kf8 43.Rh7 Ke8 44.Rh8+ Kd7 45.Rxc8 Kxc8 46.Kf7 Be3 
47.g6 Bh6 48.Bg5 1-0

[Event "2 IECC, Ohrid"]
[Site "Ohrid MKD"]
[Date "2001.06.14"]
[Round "13.86"]
[White "Tischbierek, Raj"]
[Black "Dancevski, Orce"]
[Result "0-1"]
[WhiteElo "2527"]
[BlackElo "2428"]
[EventDate "2001.06.01"]
[PlyCount "80"]

1.g3 e5 2.Bg2 Nf6 3.d3 Nc6 4.Nf3 Bc5 5.O-O d6 6.c3 O-O 7.b4 Bb6 8.Nbd2 a6 
9.Nc4 Ba7 10.e4 Be6 11.Qe2 Qd7 12.Bg5 Ng4 13.Rad1 b5 14.Ne3 Bxe3 15.Bxe3 
Nxe3 16.fxe3 a5 17.a3 axb4 18.axb4 Ra2 19.Rd2 Rfa8 20.Qd1 f6 21.d4 Bc4 22.
Rxa2 Rxa2 23.Rf2 Rxf2 24.Kxf2 Qe8 25.Nd2 Bf7 26.Bf1 Ne7 27.Qa1 Qb8 28.Qa6 
c6 29.Bh3 g6 30.Ke2 Kg7 31.Kd1 Qc7 32.Kc2 f5 33.exf5 gxf5 34.Kb2 Nd5 35.
Bxf5 Nxe3 36.Bb1 exd4 37.cxd4 Nd5 38.Qa3 Qe7 39.Be4 Nb6 40.Bc2 Qe1 0-1

[Event "2 IECC, Ohrid"]
[Site "Ohrid MKD"]
[Date "2001.06.14"]
[Round "13.91"]
[White "Bogdanovski, Vlatko"]
[Black "Weiss, Christian"]
[Result "1/2-1/2"]
[WhiteElo "2463"]
[BlackElo "2368"]
[EventDate "2001.06.01"]
[PlyCount "74"]

1.d4 g6 2.c4 Bg7 3.e4 d6 4.Nc3 e5 5.Nf3 Nd7 6.Be2 Ne7 7.O-O O-O 8.Re1 h6 
9.Rb1 g5 10.dxe5 dxe5 11.b4 Nc6 12.Be3 Re8 13.b5 Ne7 14.g3 c6 15.h4 g4 16.
Nd2 h5 17.c5 b6 18.cxb6 axb6 19.Nc4 cxb5 20.Nxb5 Ba6 21.Ncd6 Rf8 22.Bc4 
Bxb5 23.Rxb5 Qc7 24.Re2 Rad8 25.Rd2 Nc8 26.Bb3 Nxd6 27.Rxd6 Nc5 28.Bxc5 
bxc5 29.Bxf7+ Qxf7 30.Rxd8 Qxf2+ 31.Kh1 Rxd8 32.Qxd8+ Kh7 33.Rb7 Qf1+ 34.
Kh2 Qh3+ 35.Kg1 Qxg3+ 36.Kf1 Qf4+ 37.Kg1 Qe3+ 1/2-1/2

[Event "2 IECC, Ohrid"]
[Site "Ohrid MKD"]
[Date "2001.06.14"]
[Round "13.94"]
[White "Vasovski, Nikola"]
[Black "Hillarp Persson, Tiger"]
[Result "0-1"]
[WhiteElo "2359"]
[BlackElo "2443"]
[EventDate "2001.06.01"]
[PlyCount "68"]

1.d4 d5 2.c4 c6 3.Nc3 Nf6 4.cxd5 cxd5 5.Bf4 Nc6 6.e3 a6 7.Bd3 Bg4 8.Nge2 
e6 9.O-O Bd6 10.Bxd6 Qxd6 11.f4 O-O 12.Rc1 Rfc8 13.Qd2 Bxe2 14.Qxe2 Rc7 
15.Rf3 Na5 16.Rcf1 Nc4 17.Rh3 g6 18.g4 Qb4 19.g5 Ne8 20.Nd1 f5 21.gxf6 
Nxf6 22.Rg3 Nd6 23.Nc3 Nf5 24.Rg2 Rac8 25.Kh1 b5 26.Qe1 Kf7 27.Rc2 Qf8 28.
a3 Qh6 29.Re2 Qh3 30.Qf2 Ng4 31.Qf3 Ng3+ 32.Kg1 Qxf1+ 33.Qxf1 Nxf1 34.Kxf1
Rxc3 0-1

[Event "2 IECC, Ohrid"]
[Site "Ohrid MKD"]
[Date "2001.06.14"]
[Round "13.96"]
[White "Morrison, Chris"]
[Black "Colovic, Aleksandar"]
[Result "0-1"]
[WhiteElo "2176"]
[BlackElo "2413"]
[EventDate "2001.06.01"]
[PlyCount "70"]

1.e4 c5 2.Nc3 Nc6 3.g3 g6 4.Bg2 Bg7 5.d3 d6 6.Be3 Rb8 7.Qd2 b5 8.Nge2 Nd4 
9.O-O e6 10.Nc1 Ne7 11.Nd1 h5 12.c3 Ndc6 13.Ne2 b4 14.f3 bxc3 15.bxc3 Qa5 
16.Nf2 Ba6 17.h4 d5 18.exd5 Nxd5 19.Ne4 O-O 20.Bxc5 Rfd8 21.d4 e5 22.Rad1 
f5 23.c4 Qxd2 24.Nxd2 Ne3 25.d5 Nd4 26.Bxd4 exd4 27.Nf4 Rb2 28.Nd3 Nxd1 
29.Rxd1 Rxa2 30.f4 Rf8 31.Ne5 Rc2 32.Nc6 Re8 33.Ra1 Rxd2 34.Rxa6 Re1+ 35.
Bf1 d3 0-1

[Event "2 IECC, Ohrid"]
[Site "Ohrid MKD"]
[Date "2001.06.14"]
[Round "13.99"]
[White "Gicov, Zoran"]
[Black "Trkaljanov, Vladimir"]
[Result "1/2-1/2"]
[WhiteElo "2257"]
[BlackElo "2249"]
[EventDate "2001.06.01"]
[PlyCount "24"]

1.e4 e6 2.d4 d5 3.Nd2 dxe4 4.Nxe4 Nf6 5.Bg5 Be7 6.Bxf6 Bxf6 7.Nxf6+ Qxf6 
8.Nf3 O-O 9.Bd3 c5 10.c3 cxd4 11.Nxd4 e5 12.Nb3 Nc6 1/2-1/2

[Event "2 IECC, Ohrid"]
[Site "Ohrid MKD"]
[Date "2001.06.14"]
[Round "13.101"]
[White "Petkovski, Vlatko"]
[Black "Ilic, Ljubomir"]
[Result "1/2-1/2"]
[WhiteElo "2265"]
[BlackElo "2282"]
[EventDate "2001.06.01"]
[PlyCount "58"]

1.e4 c5 2.Nf3 e6 3.Nc3 Nc6 4.Bb5 Nge7 5.O-O a6 6.Bxc6 Nxc6 7.d4 cxd4 8.
Nxd4 d6 9.Nxc6 bxc6 10.f4 Be7 11.Kh1 O-O 12.f5 exf5 13.exf5 d5 14.Be3 Rb8 
15.Rb1 Bf6 16.Bc5 Re8 17.Qd3 a5 18.b3 Ra8 19.Rf2 Ba6 20.Qf3 Qc7 21.Ne2 Qe5
22.Ng3 d4 23.Ba3 c5 24.Rd1 Rac8 25.Bc1 Kh8 26.Bf4 Qe7 27.Bd2 a4 28.Qg4 
axb3 29.axb3 Bb7 1/2-1/2